Statistics for Legacies season 1

Click here to take the quiz!

General Stats

  • This quiz has been taken 144 times
    (143 since last reset)
  • The average score is 15 of 32

Answer Stats

HintAnswer% Correct
who is the headteacherAlaric
91%
Does hope dieno
90%
is Alaric supernaturalNo
90%
can hope get hurt by malivoreno
90%
what is hopeA tribrid
88%
who set hopes old dorm room on firejossie
88%
What is the school calledSalvatore Boarding School
81%
Who won miss mystic fallshope
76%
who gets slugged firsthope
76%
Who’s older hope or the twinsHope
76%
what covern are the twins formGemini
71%
Who are the twinsjossie and Lizzie
71%
who is Landon fatherMalivore
66%
in the last episode josie was shot. Where was the bullet frommalivore
66%
was it on purpose or an accidentaccident
52%
who are hopes parentsHayley and Klaus
43%
what is the cure for the bullethopes blood
41%
In episode 11 where do the slugs come froma unicorn
39%
what is the company called that owns malivoreTriad
31%
how does Lizzie describe herselfbroken
28%
who is the twins biological motherjossete
22%
who rises from the dead in episode 6jossete
22%
what supernatural creature is Landonpheonix
22%
hope gave josie a necklace for her birthday. What does it do?makes quiet things heard
15%
How did we find out that Landon was supernaturalMG killed him
14%
What is in the school tunnels that controls all of the magicBlood fountain
13%
How do you trigger the werewolf cursekill a human
7%
Why is hope forgottenShe jumps into malivore
4%
what bite has the same pattern as a vampire bitegiant spider
2%
where is Caroline in the whole seasonresearching the merge
2%
Why was Lizzie paralysedshe was bit by a giant spider
2%
What is malivoreA black pit
1%

Score Distribution

Percentile by Number Answered

Percent of People with Each Score

Your Score History

You have not taken this quiz since the last reset